<?xml version="1.0" encoding="UTF-8"?><?xml-stylesheet type="text/xsl" href="static/style.xsl"?><OAI-PMH xmlns="http://www.openarchives.org/OAI/2.0/" xmlns:xsi="http://www.w3.org/2001/XMLSchema-instance" xsi:schemaLocation="http://www.openarchives.org/OAI/2.0/ http://www.openarchives.org/OAI/2.0/OAI-PMH.xsd"><responseDate>2026-06-07T23:48:30Z</responseDate><request verb="GetRecord" identifier="oai:docta.ucm.es:20.500.14352/91384" metadataPrefix="marc">https://docta.ucm.es/rest/oai/request</request><GetRecord><record><header><identifier>oai:docta.ucm.es:20.500.14352/91384</identifier><datestamp>2025-08-22T15:18:09Z</datestamp><setSpec>com_20.500.14352_14</setSpec><setSpec>col_20.500.14352_15</setSpec></header><metadata><record xmlns="http://www.loc.gov/MARC21/slim" xmlns:dcterms="http://purl.org/dc/terms/" xmlns:xsi="http://www.w3.org/2001/XMLSchema-instance" xmlns:doc="http://www.lyncode.com/xoai" xsi:schemaLocation="http://www.loc.gov/MARC21/slim http://www.loc.gov/standards/marcxml/schema/MARC21slim.xsd">
   <leader>00925njm 22002777a 4500</leader>
   <datafield ind2=" " ind1=" " tag="042">
      <subfield code="a">dc</subfield>
   </datafield>
   <datafield ind2=" " ind1=" " tag="720">
      <subfield code="a">Mateo Donet, Amparo</subfield>
      <subfield code="e">author</subfield>
   </datafield>
   <datafield ind2=" " ind1=" " tag="720">
      <subfield code="a">Ortiz García, Jonatan</subfield>
      <subfield code="e">author</subfield>
   </datafield>
   <datafield ind2=" " ind1=" " tag="260">
      <subfield code="c">2014</subfield>
   </datafield>
   <datafield ind2=" " ind1=" " tag="520">
      <subfield code="a">The coronation of the deceased is a common and quite important religious aspect in many societies of the ancient Mediterranean. However, the uses and symbolism change depending on the specific circumstances of each belief system. This paper presents a diachronic view of the utilization and meaning of the funeral wreaths in Christianity, to try to see the continuities and changes that occur in a practice of pagan origin which has a significant presence in the Christian religion.</subfield>
   </datafield>
   <datafield ind2=" " ind1=" " tag="520">
      <subfield code="a">La coronación del difunto es un aspecto religioso frecuente y bastante importante en muchas de las sociedades mediterráneas antiguas. Sin embargo, los usos y simbolismos cambian dependiendo de las circunstancias concretas de cada sistema de creencias. En este trabajo se ofrece una visión diacrónica de la utilización y significado de las coronas funerarias en el cristianismo, para tratar de ver las continuidades y cambios que se producen en una práctica de origen pagano que tiene una presencia notable en la religiosidad cristiana.</subfield>
   </datafield>
   <datafield ind1="8" ind2=" " tag="024">
      <subfield code="a">978-84-370-9452-6</subfield>
   </datafield>
   <datafield ind1="8" ind2=" " tag="024">
      <subfield code="a">https://hdl.handle.net/20.500.14352/91384</subfield>
   </datafield>
   <datafield ind1="8" ind2=" " tag="024">
      <subfield code="a">https://puv.uv.es/tiarae-diadems-and-headdresses-in-the-ancient-mediterranean-cultures.html?___store=espanyol&amp;___from_store=valencia</subfield>
   </datafield>
   <datafield ind2="0" ind1="0" tag="245">
      <subfield code="a">Coronae diaboli, coronae domini: el pensamiento cristiano sobre la coronación funeraria en el marco de la religiosidad antigua</subfield>
   </datafield>
</record></metadata></record></GetRecord></OAI-PMH>